Campus and community journalism handbook : (Record no. 18151)
[ view plain ]
| 000 -LEADER | |
|---|---|
| fixed length control field | 00676nam a22002177a 4500 |
| 003 - CONTROL NUMBER IDENTIFIER | |
| control field | OSt |
| 005 - DATE AND TIME OF LATEST TRANSACTION | |
| control field | 20140310183004.0 |
| 008 - FIXED-LENGTH DATA ELEMENTS--GENERAL INFORMATION | |
| fixed length control field | 130209t xxu||||| |||| 00| 0 eng d |
| 020 ## - INTERNATIONAL STANDARD BOOK NUMBER | |
| International Standard Book Number | 9710865668 |
| 050 ## - LIBRARY OF CONGRESS CALL NUMBER | |
| Classification number | PN 5422 |
| Item number | .M295 2005 |
| 100 ## - MAIN ENTRY--PERSONAL NAME | |
| Personal name | Malinao, Alito L. |
| 245 ## - TITLE STATEMENT | |
| Title | Campus and community journalism handbook : |
| Remainder of title | with campus journalism Act of 1991 and its implementing rules and regulations / |
| Statement of responsibility, etc | Alito L. Malinao |
| 260 ## - PUBLICATION, DISTRIBUTION, ETC. (IMPRINT) | |
| Place of publication, distribution, etc | Mandaluyong City : |
| Name of publisher, distributor, etc | National Book Store, |
| Date of publication, distribution, etc | 2005. |
| 300 ## - PHYSICAL DESCRIPTION | |
| Extent | 296 p. : |
| Dimensions | 22 cm. |
| Other physical details | ill. ; |
| 521 ## - TARGET AUDIENCE NOTE | |
| Target audience note | |
| 650 ## - SUBJECT ADDED ENTRY--TOPICAL TERM | |
| Topical term or geographic name as entry element | Journalism |
| General subdivision | Study and teaching. |
| 942 ## - ADDED ENTRY ELEMENTS (KOHA) | |
| Source of classification or shelving scheme | Library of Congress Classification |
| Koha item type | Books |
| Call number prefix | Local |
| Withdrawn status | Lost status | Source of classification or shelving scheme | Damaged status | Home library | Current library | Shelving location | Date acquired | Source of acquisition | Total Checkouts | Full call number | Barcode | Date last seen | Copy number | Price effective from | Koha item type | Total Renewals | Date checked out |
|---|---|---|---|---|---|---|---|---|---|---|---|---|---|---|---|---|---|
| Library of Congress Classification | College Library | College Library | Filipiniana Section | 11/29/2006 | Library Fund | PN 5422 .M295 2005 | C7913 | 05/08/2018 | 1 | 10/10/2013 | Books | ||||||
| Library of Congress Classification | College Library | College Library | Filipiniana Section | 10/30/2013 | Library Fund | 1 | PN 5422 .M295 2005 | C6356 | 04/16/2019 | 2 | 10/30/2013 | Books | 24 | 10/23/2018 | |||
| Library of Congress Classification | College Library | College Library | Filipiniana Section | 10/30/2013 | Library Fund | PN 5422 .M295 2005 | C7824 | 05/08/2018 | 3 | 10/30/2013 | Books |